[Event "Condigne Dutch Open 2018"]
[Site "Dieren"]
[Date "2018.07.28"]
[Round "5"]
[White "Himanshu, Sharma"]
[Black "Buckels, Valentin"]
[Result "1/2-1/2"]
[WhiteElo "2420"]
[BlackElo "2353"]
[Annotator "NA"]
[PlyCount "118"]
[EventDate "2018.07.24"]
[EventType "swiss"]
[EventCountry "NED"]
[SourceTitle "playchess.com"]
[Source "ChessBase"]
[SourceQuality "1"]
[TimeControl "40/5400+30:1800+30"]

1. e4 {[%emt 0:00:00]} e5 {[%emt 0:00:08]} 2. Nf3 {[%emt 0:00:00]} Nc6 {[%emt 0:00:06]} 3. Bb5 {[%emt 0:00:00]} a6 {[%emt 0:00:06]} 4. Bxc6 {[%emt 0:00:09]} dxc6 {[%emt 0:00:09]} 5. O-O {[%emt 0:00:11]} Bd6 {[%emt 0:00:28]} 6. d4 {[%emt 0:00:07]} exd4 {[%emt 0:00:08]} 7. Qxd4 {[%emt 0:00:04]} f6 {[%emt 0:00:09]} 8. Be3 {[%emt 0:00:05]} Ne7 {[%emt 0:00:07]} 9. Nbd2 {[%emt 0:00:06]} Be6 {[%emt 0:00:06]} 10. Qc3 {[%emt 0:00:37]} Qd7 {[%emt 0:00:13]} 11. Nc4 {[%emt 0:12:05]} Bxc4 {[%emt 0:01:03]} 12. Qxc4 {[%emt 0:00:05]} Ng6 {[%emt 0:00:16]} 13. Rad1 {[%emt 0:03:07]} O-O-O {[%emt 0:00:51]} 14. Nd4 {[%emt 0:04:29]} Ne5 {[%emt 0:06:13]} 15. Qe2 {[%emt 0:00:09]} g6 {[%emt 0:01:04]} 16. f3 {[%emt 0:06:48]} Qf7 {[%emt 0:05:28]} 17. f4 {[%emt 0:10:36]} Nc4 {[%emt 0:02:51]} 18. b3 {[%emt 0:10:15]} Nxe3 {[%emt 0:02:02]} 19. Qxe3 {[%emt 0:00:13]} Rhe8 {[%emt 0:03:19]} 20. Kh1 {[%emt 0:08:23]} Bc5 {[%emt 0:14:22]} 21. c3 {[%emt 0:02:50]} Rd7 {[%emt 0:03:16]} 22. Rfe1 {[%emt 0:16:45]} Rde7 {[%emt 0:06:57]} 23. Qf3 {[%emt 0:05:23]} Qd5 {[%emt 0:04:47]} 24. b4 {[%emt 0:09:34]} Bb6 {[%emt 0:14:11]} 25. Qh3+ {[%emt 0:00:36]} Kb8 {[%emt 0:00:55]} 26. Qxh7 {[%emt 0:01:43]} Rxe4 {[%emt 0:00:38]} 27. Rxe4 {[%emt 0:01:58]} Qxe4 {[%emt 0:00:27]} 28. h3 {[%emt 0:00:34]} c5 {[%emt 0:04:50]} 29. Nf3 {[%emt 0:01:31]} Qc2 {[%emt 0:02:18]} 30. Qd7 {[%emt 0:01:53]} Re2 {[%emt 0:01:38]} 31. bxc5 {[%emt 0:02:29]} Bxc5 {[%emt 0:00:10]} 32. Rd2 {[%emt 0:01:00]} Qc1+ {[%emt 0:06:26]} 33. Kh2 {[%emt 0:00:09]} Rxd2 {[%emt 0:01:29]} 34. Qxd2 {[%emt 0:00:05]} Qxd2 {[%emt 0:00:05]} 35. Nxd2 {[%emt 0:00:02]} Be3 {[%emt 0:00:06]} 36. Nf3 {[%emt 0:00:48]} Bxf4+ {[%emt 0:00:06]} 37. Kg1 {[%emt 0:00:06]} Bg3 {[%emt 0:02:22]} 38. Kf1 {[%emt 0:00:04]} c5 {[%emt 0:00:14]} 39. c4 {[%emt 0:00:34]} Kc7 {[%emt 0:00:47]} 40. Ke2 {[%emt 0:00:18]} Kd6 {[%emt 0:30:19]} 41. a4 {[%emt 0:31:58]} Ke6 {[%emt 0:01:51]} 42. Kd3 {[%emt 0:01:11]} Kf5 {[%emt 0:01:48]} 43. Nd2 {[%emt 0:01:45]} Be1 {[%emt 0:01:17]} 44. g4+ {[%emt 0:00:00]} Ke6 {[%emt 0:00:00]} 45. Nf3 {[%emt 0:00:00]} Bg3 {[%emt 0:00:00]} 46. Ke4 {[%emt 0:00:00]} Kd6 {[%emt 0:00:00]} 47. Kd3 {[%emt 0:00:00]} Kc6 {[%emt 0:00:00]} 48. Kc3 {[%emt 0:00:00]} Kc7 {[%emt 0:00:00]} 49. Kc2 {[%emt 0:00:00]} Kb6 {[%emt 0:00:00]} 50. Kc3 {[%emt 0:00:00]} Bf2 {[%emt 0:00:00]} 51. Kc2 {[%emt 0:00:00]} Ka5 {[%emt 0:00:00]} 52. Kb3 {[%emt 0:00:00]} g5 {[%emt 0:00:00]} 53. Nd2 {[%emt 0:00:00]} b5 {[%emt 0:00:00]} 54. axb5 {[%emt 0:00:00]} axb5 {[%emt 0:00:00]} 55. Ne4 {[%emt 0:00:00]} Bd4 {[%emt 0:00:00]} 56. Nd6 {[%emt 0:00:00]} b4 {[%emt 0:00:00]} 57. Ne4 {[%emt 0:00:00]} Kb6 {[%emt 0:00:00]} 58. Nd2 {[%emt 0:00:00]} Kc6 {[%emt 0:00:00]} 59. Nf3 {[%emt 0:00:00]} Bc3 {[%emt 0:00:00]} 1/2-1/2

[Event "Condigne Dutch Open 2018"]
[Site "Dieren"]
[Date "2018.07.28"]
[Round "5"]
[White "Hendriks, Willy"]
[Black "Ojas Kulkarni"]
[Result "1-0"]
[WhiteElo "2417"]
[BlackElo "2226"]
[Annotator "NA"]
[PlyCount "101"]
[EventDate "2018.07.24"]
[EventType "swiss"]
[EventCountry "NED"]
[SourceTitle "playchess.com"]
[Source "ChessBase"]
[SourceQuality "1"]
[TimeControl "40/5400+30:1800+30"]

1. g3 {[%emt 0:00:00]} c5 {[%emt 0:00:46]} 2. Bg2 {[%emt 0:00:00]} Nc6 {[%emt 0:00:30]} 3. e4 {[%emt 0:03:10]} e6 {[%emt 0:01:42]} 4. d3 {[%emt 0:01:31]} g6 {[%emt 0:00:30]} 5. f4 {[%emt 0:05:31]} Bg7 {[%emt 0:00:43]} 6. Nf3 {[%emt 0:02:37]} Nge7 {[%emt 0:00:24]} 7. O-O {[%emt 0:00:08]} Rb8 {[%emt 0:02:07]} 8. c3 {[%emt 0:03:32]} d5 {[%emt 0:00:28]} 9. Be3 {[%emt 0:14:16]} b6 {[%emt 0:02:05]} 10. Bf2 {[%emt 0:03:36]} O-O {[%emt 0:01:46]} 11. Na3 {[%emt 0:00:34]} Qd7 {[%emt 0:16:30]} 12. e5 {[%emt 0:01:07]} a5 {[%emt 0:01:58]} 13. Nc2 {[%emt 0:01:49]} Ba6 {[%emt 0:07:53]} 14. Re1 {[%emt 0:00:30]} Rfc8 {[%emt 0:00:50]} 15. g4 {[%emt 0:04:31]} d4 {[%emt 0:06:13]} 16. cxd4 {[%emt 0:05:21]} Nxd4 {[%emt 0:00:47]} 17. Ncxd4 {[%emt 0:01:35]} cxd4 {[%emt 0:00:04]} 18. Qd2 {[%emt 0:02:38]} Nd5 {[%emt 0:02:10]} 19. Nxd4 {[%emt 0:01:25]} Bf8 {[%emt 0:10:33]} 20. a3 {[%emt 0:00:40]} Bc5 {[%emt 0:00:11]} 21. Nf3 {[%emt 0:04:57]} Bxf2+ {[%emt 0:02:20]} 22. Kxf2 {[%emt 0:00:04]} Qa4 {[%emt 0:00:41]} 23. Re4 {[%emt 0:09:34]} Qb3 {[%emt 0:02:18]} 24. Nd4 {[%emt 0:00:29]} Qxd3 {[%emt 0:00:41]} 25. Rd1 {[%emt 0:00:13]} Qxd2+ {[%emt 0:06:06]} 26. Rxd2 {[%emt 0:00:02]} Kf8 {[%emt 0:03:00]} 27. f5 {[%emt 0:04:45]} Ke7 {[%emt 0:00:32]} 28. f6+ {[%emt 0:00:48]} Kf8 {[%emt 0:01:13]} 29. g5 {[%emt 0:00:24]} Rc7 {[%emt 0:03:56]} 30. Rh4 {[%emt 0:03:37]} Kg8 {[%emt 0:04:12]} 31. Bxd5 {[%emt 0:01:24]} exd5 {[%emt 0:00:02]} 32. Rh3 {[%emt 0:02:01]} Re8 {[%emt 0:00:47]} 33. Re3 {[%emt 0:00:11]} Rc1 {[%emt 0:00:06]} 34. h4 {[%emt 0:04:35]} Rf1+ {[%emt 0:05:03]} 35. Kg2 {[%emt 0:05:02]} h5 {[%emt 0:00:25]} 36. e6 {[%emt 0:03:51]} Rf4 {[%emt 0:04:11]} 37. exf7+ {[%emt 0:02:36]} Kxf7 {[%emt 0:00:02]} 38. Rxe8 {[%emt 0:00:14]} Kxe8 {[%emt 0:00:02]} 39. Ne6 {[%emt 0:01:08]} Rg4+ {[%emt 0:00:02]} 40. Kf3 {[%emt 0:01:34]} Bb7 {[%emt 0:31:44]} 41. Re2 {[%emt 0:15:00]} d4+ {[%emt 0:00:00]} 42. Kf2 {[%emt 0:00:07]} d3 {[%emt 0:00:00]} 43. Ng7+ {[%emt 0:00:47]} Kd8 {[%emt 0:00:00]} 44. Re8+ {[%emt 0:01:19]} Kd7 {[%emt 0:00:00]} 45. Re7+ {[%emt 0:01:31]} Kc6 {[%emt 0:00:00]} 46. f7 {[%emt 0:04:51]} d2 {[%emt 0:00:00]} 47. f8=Q {[%emt 0:00:15]} d1=Q {[%emt 0:00:00]} 48. Qe8+ {[%emt 0:00:31]} Kc5 {[%emt 0:00:00]} 49. Rc7+ {[%emt 0:00:56]} Kd4 {[%emt 0:00:00]} 50. Qe3+ {[%emt 0:00:29]} Kd5 {[%emt 0:00:00]} 51. Rd7+ {[%emt 0:00:31]} 1-0

[Event "Condigne Dutch Open 2018"]
[Site "Dieren"]
[Date "2018.07.28"]
[Round "5"]
[White "Viani Antonio Dcunha"]
[Black "Evengroen, Henk-Jan"]
[Result "1-0"]
[WhiteElo "2404"]
[BlackElo "2160"]
[Annotator "NA"]
[PlyCount "57"]
[EventDate "2018.07.24"]
[EventType "swiss"]
[EventCountry "NED"]
[SourceTitle "playchess.com"]
[Source "ChessBase"]
[SourceQuality "1"]
[TimeControl "40/5400+30:1800+30"]

1. e4 {[%emt 0:00:01]} e5 {[%emt 0:00:05]} 2. Nf3 {[%emt 0:00:07]} Nc6 {[%emt 0:00:04]} 3. Bc4 {[%emt 0:00:09]} Nf6 {[%emt 0:00:05]} 4. d3 {[%emt 0:00:08]} Be7 {[%emt 0:00:04]} 5. Nbd2 {[%emt 0:00:37]} O-O {[%emt 0:00:50]} 6. Bb3 {[%emt 0:01:16]} d6 {[%emt 0:08:58]} 7. c3 {[%emt 0:00:57]} Na5 {[%emt 0:00:09]} 8. Bc2 {[%emt 0:00:32]} c5 {[%emt 0:00:05]} 9. Nf1 {[%emt 0:01:46]} Nc6 {[%emt 0:01:51]} 10. Ng3 {[%emt 0:02:44]} Qc7 {[%emt 0:09:31]} 11. O-O {[%emt 0:03:11]} h6 {[%emt 0:03:00]} 12. h3 {[%emt 0:03:53]} Be6 {[%emt 0:01:22]} 13. Nh2 {[%emt 0:02:51]} d5 {[%emt 0:12:20]} 14. Qf3 {[%emt 0:01:34]} Qd7 {[%emt 0:13:03]} 15. Nf5 {[%emt 0:07:49]} Bxf5 {[%emt 0:05:47]} 16. exf5 {[%emt 0:00:09]} c4 {[%emt 0:04:56]} 17. dxc4 {[%emt 0:09:46]} e4 {[%emt 0:00:17]} 18. Qd1 {[%emt 0:06:08]} d4 {[%emt 0:06:28]} 19. cxd4 {[%emt 0:00:16]} Nxd4 {[%emt 0:00:05]} 20. Ng4 {[%emt 0:01:15]} Nxg4 {[%emt 0:03:25]} 21. hxg4 {[%emt 0:02:26]} Rad8 {[%emt 0:01:13]} 22. Bxe4 {[%emt 0:02:00]} Qc7 {[%emt 0:00:53]} 23. Bd5 {[%emt 0:02:18]} Bc5 {[%emt 0:01:43]} 24. Be3 {[%emt 0:05:41]} Qe5 {[%emt 0:00:49]} 25. Qd3 {[%emt 0:01:10]} b5 {[%emt 0:05:58]} 26. b3 {[%emt 0:00:35]} Rfe8 {[%emt 0:00:22]} 27. Rad1 {[%emt 0:01:54]} Rxd5 {[%emt 0:09:37]} 28. cxd5 {[%emt 0:00:14]} Bd6 {[%emt 0:00:04]} 29. g3 {[%emt 0:00:39]} 1-0

[Event "Condigne Dutch Open 2018"]
[Site "Dieren"]
[Date "2018.07.28"]
[Round "5"]
[White "Zwirs, Nico"]
[Black "Reinderman, Dimitri"]
[Result "0-1"]
[WhiteElo "2386"]
[BlackElo "2575"]
[Annotator "TA"]
[PlyCount "120"]
[EventDate "2018.07.24"]
[EventType "swiss"]
[EventCountry "NED"]
[SourceTitle "playchess.com"]
[Source "ChessBase"]
[SourceQuality "1"]

{[%evp 15,120,0,38,16,31,32,28,19,34,0,0,2,17,0,23,0,18,0,0,0,3,-12,0,0,0,0,0,-7,0,0,0,-12,-15,-23,-16,-34,-17,-31,0,-27,-12,-30,0,-27,-24,-25,-24,-33,-17,-20,0,0,0,0,0,0,0,0,0,0,-2,-20,-19,-17,-9,-10,-14,-70,-72,-67,-11,-14,-12,-10,0,-16,0,0,0,0,0,0,0,0,0,0,0,0,0,-7,0,0,0,0,0,-27,-29,-39,-39,-12829,-8537,-12845,-12845,-12845,-12845,-12846,-12847]} 1. e4 c5 2. Nf3 e6 3. g3 Nc6 4. Bg2 Nf6 5. d3 d6 6. O-O Be7 7. Re1 O-O 8. Nbd2 Bd7 {LiveBook: 17 Games. B30: Sicilian: 2...Nc6 3 Bb5, lines without ...g6} 9. e5 dxe5 10. Nc4 Be8 $146 {White is slightly better.} ({Predecessor:} 10... Nd5 11. Nfxe5 Bf6 12. Nxd7 Qxd7 13. c3 Rad8 14. Qb3 Rb8 15. a4 Rfd8 16. Bd2 {½-½ (105) Khusnutdinov,R (2510)-Zhang,Z (2628) Al Ain 2015}) 11. Nfxe5 Rc8 12. Bd2 b6 13. a4 Nd5 14. h4 Kh8 15. h5 Nxe5 16. Rxe5 h6 17. Re1 Nb4 18. Ne5 Nc6 19. Nxc6 Bxc6 20. Bxc6 Rxc6 {[%cal Bc8c6,Bc6d6,Bd6d5][%mdl 32]} 21. Qf3 Rd6 22. Bc3 Bf6 23. Bxf6 (23. a5 {with more complications.} b5 24. Qb7 a6 25. Be5 Qd7 26. Qxd7 Rxd7 27. b3) 23... Qxf6 24. Qxf6 gxf6 $11 {[%mdl 4096] Endgame KRR-KRR} 25. Re4 Rd5 26. Rh4 Rc8 27. Kf1 Kg7 28. Ke2 Kf8 29. Rah1 Ke7 30. Rc4 Rg8 31. b3 Rgg5 32. Rch4 f5 33. a5 Rg4 34. axb6 axb6 35. Kf3 Rdd4 (35... Rgd4 {is interesting.} 36. Ke3 Kf6 37. f4 e5 38. R4h2 e4) 36. Rxg4 fxg4+ {KR-KR} 37. Ke3 Rd5 38. Kf4 Rf5+ 39. Ke3 Kf6 40. c3 b5 41. Rh4 ({White should play} 41. Ke2 $11) 41... Kg5 $15 42. Rh1 Re5+ (42... Rf3+ $15 43. Ke2 f5) 43. Kd2 $11 Kf6 44. Rh4 Kg5 45. Rh1 Rd5 46. c4 bxc4 47. bxc4 Rf5 48. Ke2 Kf6 49. Rh4 $1 Rg5 50. Ke3 Ke5 51. f4+ gxf3 $1 52. Re4+ Kd6 53. g4 f5 54. gxf5 Rxf5 {[#] ( -> ...f2)} 55. Kf2 Rxh5 {Hoping for ...Rf5.} 56. Kxf3 Rf5+ 57. Kg3 $2 {[%mdl 8192] [#]} (57. Kg2 $15) 57... Re5 $1 $19 {[%cal Re5e4] Black is clearly winning.} 58. Kf4 Rxe4+ 59. dxe4 Ke7 60. Ke5 h5 {Precision: White = 44%, Black = 54%.} 0-1

[Event "Condigne Dutch Open 2018"]
[Site "Dieren"]
[Date "2018.07.28"]
[Round "5"]
[White "Miedema, David"]
[Black "Sparenberg, Erik"]
[Result "1/2-1/2"]
[WhiteElo "2370"]
[BlackElo "2173"]
[Annotator "NA"]
[PlyCount "79"]
[EventDate "2018.07.24"]
[EventType "swiss"]
[EventCountry "NED"]
[SourceTitle "playchess.com"]
[Source "ChessBase"]
[SourceQuality "1"]
[TimeControl "40/5400+30:1800+30"]

1. c4 {[%emt 0:05:04]} e6 {[%emt 0:00:50]} 2. e4 {[%emt 0:01:35]} d5 {[%emt 0:07:39]} 3. exd5 {[%emt 0:00:38]} exd5 {[%emt 0:00:10]} 4. d4 {[%emt 0:00:11]} Nf6 {[%emt 0:05:26]} 5. Nc3 {[%emt 0:02:35]} Be7 {[%emt 0:08:05]} 6. Nf3 {[%emt 0:00:13]} O-O {[%emt 0:00:19]} 7. Be2 {[%emt 0:01:31]} dxc4 {[%emt 0:04:45]} 8. Bxc4 {[%emt 0:01:23]} Bg4 {[%emt 0:10:41]} 9. Be3 {[%emt 0:00:19]} c6 {[%emt 0:00:11]} 10. h3 {[%emt 0:01:14]} Bh5 {[%emt 0:05:35]} 11. g4 {[%emt 0:04:01]} Bg6 {[%emt 0:00:08]} 12. Ne5 {[%emt 0:00:04]} Nbd7 {[%emt 0:09:49]} 13. f4 {[%emt 0:03:03]} Be4 {[%emt 0:06:47]} 14. Nxe4 {[%emt 0:04:22]} Nxe4 {[%emt 0:00:07]} 15. O-O {[%emt 0:03:04]} Nb6 {[%emt 0:12:34]} 16. Bb3 {[%emt 0:03:38]} Nd5 {[%emt 0:06:42]} 17. Qd3 {[%emt 0:00:52]} Nd6 {[%emt 0:01:01]} 18. Rae1 {[%emt 0:01:42]} Nb5 {[%emt 0:07:03]} 19. Bf2 {[%emt 0:09:45]} Bh4 {[%emt 0:03:53]} 20. Qd2 {[%emt 0:14:04]} Re8 {[%emt 0:04:03]} 21. Nf3 {[%emt 0:01:17]} Bxf2+ {[%emt 0:00:20]} 22. Kxf2 {[%emt 0:00:29]} Qd6 {[%emt 0:00:57]} 23. Re5 {[%emt 0:01:18]} f6 {[%emt 0:00:46]} 24. Rxe8+ {[%emt 0:00:49]} Rxe8 {[%emt 0:00:04]} 25. Re1 {[%emt 0:00:02]} Rxe1 {[%emt 0:01:02]} 26. Qxe1 {[%emt 0:00:03]} Kf8 {[%emt 0:00:33]} 27. Qe4 {[%emt 0:00:08]} g6 {[%emt 0:01:06]} 28. Kg3 {[%emt 0:02:42]} Nbc7 {[%emt 0:01:08]} 29. h4 {[%emt 0:01:48]} Ne6 {[%emt 0:00:35]} 30. Bxd5 {[%emt 0:00:08]} cxd5 {[%emt 0:00:52]} 31. Qe3 {[%emt 0:00:06]} g5 {[%emt 0:01:09]} 32. Qc1 {[%emt 0:02:02]} Qxf4+ {[%emt 0:00:18]} 33. Qxf4 {[%emt 0:00:04]} gxf4+ {[%emt 0:00:11]} 34. Kh3 {[%emt 0:04:33]} Kg7 {[%emt 0:00:01]} 35. g5 {[%emt 0:00:51]} Kg6 {[%emt 0:01:55]} 36. Kg4 {[%emt 0:01:17]} f5+ {[%emt 0:00:28]} 37. Kh3 {[%emt 0:00:03]} Kh5 {[%emt 0:00:19]} 38. Ne5 {[%emt 0:00:05]} Nxd4 {[%emt 0:00:28]} 39. Nd7 {[%emt 0:00:03]} Kg6 {[%emt 0:01:20]} 40. Ne5+ {[%emt 0:01:29]} 1/2-1/2

[Event "Condigne Dutch Open 2018"]
[Site "Dieren"]
[Date "2018.07.28"]
[Round "5"]
[White "Geurink, Jasper"]
[Black "Pruijssers, Roeland"]
[Result "1/2-1/2"]
[WhiteElo "2348"]
[BlackElo "2501"]
[Annotator "ChessBase"]
[PlyCount "78"]
[EventDate "2018.07.24"]
[EventType "swiss"]
[EventCountry "NED"]
[SourceTitle "playchess.com"]
[Source "ChessBase"]
[SourceQuality "1"]
[TimeControl "40/5400+30:1800+30"]

1. e4 {[%emt 0:00:00]} c5 {[%emt 0:00:06]} 2. Nf3 {[%emt 0:00:00]} e6 {[%emt 0:00:05]} 3. d3 {[%emt 0:00:00]} Nc6 {[%emt 0:00:41]} 4. g3 {[%emt 0:00:00]} Nf6 {[%emt 0:00:25]} 5. Bg2 {[%emt 0:00:08]} Be7 {[%emt 0:00:13]} 6. O-O {[%emt 0:00:08]} d5 {[%emt 0:00:12]} 7. Qe2 {[%emt 0:00:19]} O-O {[%emt 0:00:18]} 8. e5 {[%emt 0:00:13]} Nd7 {[%emt 0:00:07]} 9. c4 {[%emt 0:00:25]} Nb6 {[%emt 0:07:15]} 10. Bf4 {[%emt 0:08:38]} f5 {[%emt 0:04:48]} 11. exf6 {[%emt 0:12:47]} Bxf6 {[%emt 0:01:43]} 12. Nc3 {[%emt 0:01:29]} e5 {[%emt 0:11:31]} 13. Nxe5 {[%emt 0:13:57]} Nd4 {[%emt 0:02:50]} 14. Qh5 {[%emt 0:01:27]} g6 {[%emt 0:02:12]} 15. Nxg6 {[%emt 0:01:34]} Qe8 {[%emt 1:05:34]} 16. Nxd5 {[%emt 0:12:48]} hxg6 {[%emt 0:00:00]} 17. Nxf6+ {[%emt 0:01:49]} Rxf6 {[%emt 0:00:00]} 18. Qxc5 {[%emt 0:01:25]} Ne2+ {[%emt 0:00:00]} 19. Kh1 {[%emt 0:00:06]} Nxf4 {[%emt 0:00:00]} 20. gxf4 {[%emt 0:00:05]} Bf5 {[%emt 0:00:00]} 21. Rfe1 {[%emt 0:01:24]} Re6 {[%emt 0:00:00]} 22. Rxe6 {[%emt 0:04:54]} Qxe6 {[%emt 0:00:00]} 23. Qe3 {[%emt 0:01:33]} Qxe3 {[%emt 0:00:00]} 24. fxe3 {[%emt 0:00:06]} Bxd3 {[%emt 0:00:00]} 25. b3 {[%emt 0:00:59]} Re8 {[%emt 0:00:00]} 26. Bxb7 {[%emt 0:03:44]} Rxe3 {[%emt 0:00:00]} 27. c5 {[%emt 0:00:29]} Nd7 {[%emt 0:00:00]} 28. Rc1 {[%emt 0:00:09]} Nf6 {[%emt 0:00:00]} 29. Kg1 {[%emt 0:11:15]} Re2 {[%emt 0:00:00]} 30. Bf3 {[%emt 0:02:54]} Rd2 {[%emt 0:01:20]} 31. c6 {[%emt 0:04:17]} Bf5 {[%emt 0:00:17]} 32. Rc4 {[%emt 0:00:56]} Kf7 {[%emt 0:04:09]} 33. Ra4 {[%emt 0:02:26]} Ke6 {[%emt 0:00:02]} 34. Rxa7 {[%emt 0:01:01]} Rc2 {[%emt 0:00:18]} 35. Ra4 {[%emt 0:02:15]} Nd5 {[%emt 0:01:32]} 36. Rd4 {[%emt 0:00:31]} Ne7 {[%emt 0:01:12]} 37. a4 {[%emt 0:04:22]} Nxc6 {[%emt 0:00:20]} 38. Rc4 {[%emt 0:00:06]} Rxc4 {[%emt 0:01:32]} 39. bxc4 {[%emt 0:00:07]} Nb8 {[%emt 0:01:18]} 1/2-1/2

[Event "Condigne Dutch Open 2018"]
[Site "Dieren"]
[Date "2018.07.28"]
[Round "5"]
[White "Anand Nadar"]
[Black "Warmerdam, Max"]
[Result "1/2-1/2"]
[WhiteElo "2346"]
[BlackElo "2424"]
[Annotator "NA"]
[PlyCount "38"]
[EventDate "2018.07.24"]
[EventType "swiss"]
[EventCountry "NED"]
[SourceTitle "playchess.com"]
[Source "ChessBase"]
[SourceQuality "1"]
[TimeControl "40/5400+30:1800+30"]

1. d4 {[%emt 0:00:00]} Nf6 {[%emt 0:05:43]} 2. c4 {[%emt 0:00:00]} e6 {[%emt 0:00:06]} 3. Nf3 {[%emt 0:00:55]} b6 {[%emt 0:00:07]} 4. g3 {[%emt 0:00:23]} Bb7 {[%emt 0:00:06]} 5. Bg2 {[%emt 0:00:06]} Be7 {[%emt 0:00:10]} 6. O-O {[%emt 0:01:26]} O-O {[%emt 0:01:17]} 7. Nc3 {[%emt 0:00:35]} Ne4 {[%emt 0:00:11]} 8. Bd2 {[%emt 0:00:06]} Bf6 {[%emt 0:00:51]} 9. Ne5 {[%emt 0:02:35]} Nxc3 {[%emt 0:12:46]} 10. Bxc3 {[%emt 0:00:08]} Bxg2 {[%emt 0:00:08]} 11. Kxg2 {[%emt 0:00:06]} d5 {[%emt 0:17:27]} 12. Qd3 {[%emt 0:08:52]} Bxe5 {[%emt 0:27:26]} 13. dxe5 {[%emt 0:00:08]} dxc4 {[%emt 0:00:03]} 14. Qxc4 {[%emt 0:00:16]} Qd5+ {[%emt 0:00:22]} 15. Qxd5 {[%emt 0:00:07]} exd5 {[%emt 0:00:04]} 16. Rad1 {[%emt 0:01:46]} c6 {[%emt 0:00:06]} 17. e4 {[%emt 0:00:19]} dxe4 {[%emt 0:00:36]} 18. Rfe1 {[%emt 0:00:30]} Na6 {[%emt 0:13:13]} 19. Rxe4 {[%emt 0:01:04]} Rfd8 {[%emt 0:19:18]} 1/2-1/2

[Event "Condigne Dutch Open 2018"]
[Site "Dieren"]
[Date "2018.07.28"]
[Round "5"]
[White "Maris, Ivo"]
[Black "Van Helvoort, Rob"]
[Result "1-0"]
[WhiteElo "2342"]
[BlackElo "2119"]
[Annotator "NA"]
[PlyCount "151"]
[EventDate "2018.07.24"]
[EventType "swiss"]
[EventCountry "NED"]
[SourceTitle "playchess.com"]
[Source "ChessBase"]
[SourceQuality "1"]
[TimeControl "40/5400+30:1800+30"]

1. c4 {[%emt 0:00:00]} c5 {[%emt 0:00:16]} 2. g3 {[%emt 0:00:00]} g6 {[%emt 0:00:20]} 3. Bg2 {[%emt 0:00:00]} Bg7 {[%emt 0:00:03]} 4. Nc3 {[%emt 0:00:00]} Nc6 {[%emt 0:00:24]} 5. d3 {[%emt 0:00:22]} d6 {[%emt 0:00:09]} 6. e4 {[%emt 0:00:19]} Rb8 {[%emt 0:04:33]} 7. Nge2 {[%emt 0:03:00]} a6 {[%emt 0:03:26]} 8. a4 {[%emt 0:04:07]} h5 {[%emt 0:06:28]} 9. Be3 {[%emt 0:02:16]} Nd4 {[%emt 0:04:14]} 10. h3 {[%emt 0:02:00]} Qa5 {[%emt 0:12:07]} 11. O-O {[%emt 0:06:34]} Nxe2+ {[%emt 0:06:45]} 12. Qxe2 {[%emt 0:00:44]} Bxc3 {[%emt 0:00:07]} 13. bxc3 {[%emt 0:00:04]} Qxc3 {[%emt 0:00:08]} 14. f4 {[%emt 0:01:06]} Nh6 {[%emt 0:08:55]} 15. Rac1 {[%emt 0:01:34]} Qg7 {[%emt 0:03:43]} 16. Bd2 {[%emt 0:02:21]} O-O {[%emt 0:13:59]} 17. f5 {[%emt 0:01:40]} f6 {[%emt 0:03:13]} 18. Kh2 {[%emt 0:05:01]} Bd7 {[%emt 0:02:05]} 19. fxg6 {[%emt 0:09:33]} Qxg6 {[%emt 0:00:08]} 20. Rf4 {[%emt 0:00:21]} b5 {[%emt 0:05:05]} 21. cxb5 {[%emt 0:02:42]} axb5 {[%emt 0:00:02]} 22. a5 {[%emt 0:00:09]} b4 {[%emt 0:13:02]} 23. Bf3 {[%emt 0:01:40]} Rb5 {[%emt 0:01:19]} 24. Bxh5 {[%emt 0:00:23]} Qg7 {[%emt 0:00:28]} 25. Rh4 {[%emt 0:00:16]} Nf7 {[%emt 0:00:51]} 26. Bg4 {[%emt 0:00:30]} e6 {[%emt 0:00:36]} 27. d4 {[%emt 0:01:06]} Rxa5 {[%emt 0:00:15]} 28. d5 {[%emt 0:00:07]} Bb5 {[%emt 0:03:39]} 29. Qe3 {[%emt 0:04:05]} exd5 {[%emt 0:00:07]} 30. Be6 {[%emt 0:00:20]} Ra3 {[%emt 0:01:46]} 31. Qf2 {[%emt 0:01:06]} Be2 {[%emt 0:00:23]} 32. Bh6 {[%emt 0:00:26]} Qg6 {[%emt 0:02:55]} 33. Bf5 {[%emt 0:00:11]} Rf3 {[%emt 0:01:42]} 34. Qxf3 {[%emt 0:00:40]} Bxf3 {[%emt 0:00:10]} 35. Bxg6 {[%emt 0:00:05]} Nxh6 {[%emt 0:00:08]} 36. Rxh6 {[%emt 0:00:05]} Kg7 {[%emt 0:00:09]} 37. Rh5 {[%emt 0:02:59]} dxe4 {[%emt 0:01:29]} 38. Rd5 {[%emt 0:00:59]} Kxg6 {[%emt 0:00:31]} 39. Rxd6 {[%emt 0:00:02]} Rc8 {[%emt 0:01:22]} 40. Rb6 {[%emt 0:01:13]} Ra8 {[%emt 0:32:07]} 41. g4 {[%emt 0:30:07]} Ra5 {[%emt 0:00:00]} 42. Kg3 {[%emt 0:00:00]} Be2 {[%emt 0:00:00]} 43. Kf4 {[%emt 0:00:00]} Ra3 {[%emt 0:00:00]} 44. h4 {[%emt 0:00:00]} Rf3+ {[%emt 0:00:00]} 45. Kxe4 {[%emt 0:00:00]} Rh3 {[%emt 0:00:00]} 46. g5 {[%emt 0:00:00]} Bd3+ {[%emt 0:00:00]} 47. Kd5 {[%emt 0:00:00]} Rxh4 {[%emt 0:00:00]} 48. Rg1 {[%emt 0:00:00]} Rh5 {[%emt 0:00:00]} 49. Rxf6+ {[%emt 0:00:00]} Kg7 {[%emt 0:00:00]} 50. Rb6 {[%emt 0:00:00]} c4 {[%emt 0:00:00]} 51. Rxb4 {[%emt 0:00:00]} Rh8 {[%emt 0:00:00]} 52. Rb7+ {[%emt 0:00:00]} Kg6 {[%emt 0:00:06]} 53. Rb6+ {[%emt 0:00:00]} Kg7 {[%emt 0:00:35]} 54. Kd4 {[%emt 0:00:00]} Rh4+ {[%emt 0:01:50]} 55. Kc3 {[%emt 0:00:00]} Rh3 {[%emt 0:02:10]} 56. Kb4 {[%emt 0:00:00]} Be2 {[%emt 0:00:01]} 57. Re6 {[%emt 0:00:00]} Rb3+ {[%emt 0:01:53]} 58. Kc5 {[%emt 0:00:00]} Bd3 {[%emt 0:00:20]} 59. g6 {[%emt 0:00:00]} c3 {[%emt 0:00:31]} 60. Re7+ {[%emt 0:00:00]} Kg8 {[%emt 0:00:06]} 61. g7 {[%emt 0:00:00]} Rb8 {[%emt 0:00:13]} 62. Kd4 {[%emt 0:00:00]} Bh7 {[%emt 0:02:50]} 63. Kxc3 {[%emt 0:00:00]} Rd8 {[%emt 0:01:03]} 64. Kc4 {[%emt 0:00:00]} Bd3+ {[%emt 0:00:40]} 65. Kc5 {[%emt 0:00:00]} Bc2 {[%emt 0:00:12]} 66. Kc6 {[%emt 0:00:00]} Bb3 {[%emt 0:00:49]} 67. Kc7 {[%emt 0:00:00]} Ra8 {[%emt 0:00:12]} 68. Rd7 {[%emt 0:00:00]} Ra7+ {[%emt 0:01:00]} 69. Kd6 {[%emt 0:00:00]} Ra8 {[%emt 0:00:35]} 70. Ke7 {[%emt 0:00:00]} Bc2 {[%emt 0:00:19]} 71. Rd8+ {[%emt 0:00:00]} Rxd8 {[%emt 0:00:05]} 72. Kxd8 {[%emt 0:00:00]} Bb3 {[%emt 0:00:30]} 73. Ke7 {[%emt 0:00:00]} Bd5 {[%emt 0:00:12]} 74. Kf6 {[%emt 0:00:00]} Be4 {[%emt 0:00:10]} 75. Rd1 {[%emt 0:00:00]} Bh7 {[%emt 0:01:13]} 76. Rd8# {[%emt 0:00:00]} 1-0